L'Arc~en~Cielの楽曲全曲 - Statistics

General Stats
  • This quiz has been taken 45 times
    4 since last reset
  • The average score is 11 of 152
Answer Stats
リリース年 アルバム名 Notes 曲名 % Correct
1999 ray HONEY
100%
1999 ark Driver's High
75%
1996 True flower
75%
2004 SMILE READY STEADY GO
75%
1998 HEART
50%
2004 SMILE 瞳の住人
50%
2005 AWAKE 自由への招待
50%
1999 ark DIVE TO BLUE
50%
1996 True Lies and Truth
50%
2000 REAL STAY AWAY
50%
1998 HEART winter fall
50%
1995 heavenly 夏の憂鬱
25%
1999 ray 花葬
25%
1994 Tierra Blurry Eyes
25%
2007 KISS DAYBREAK'S BELL
25%
1999 ark forbidden lover
25%
1999 ark HEAVEN'S DRIVE
25%
2011 TWENITY 2000-2010 I Love Rock'n Roll
25%
2007 KISS Link
25%
1999 ray 浸食 -lose control-
25%
2005 AWAKE LOST HEAVEN
25%
2000 REAL LOVE FLIES
25%
2000 REAL NEO UNIVERSE
25%
2005 AWAKE New World
25%
1999 ark Pieces
25%
1999 ray snow drop
25%
1993 DUNE 追憶の情景
0%
1993 DUNE 失われた眺め
0%
1993 DUNE シングルB面 夜想花
0%
1994 Tierra 眠りによせて
0%
1994 Tierra 風の行方
0%
1994 Tierra 瞳に映るもの
0%
1995 heavenly ガラス玉
0%
1995 heavenly 静かの海で
0%
1995 heavenly シングルB面 あなたのために
0%
1996 True 風にきえないで
0%
1996 True シングルB面 さようなら
0%
1996 True シングルB面 賽は投げられた
0%
1998 HEART あなた
0%
1999 ark 真実と幻想と
0%
1999 ray 死の灰
0%
1999 ray いばらの涙
0%
2004 SMILE 接吻
0%
2004 SMILE 永遠
0%
2004 DUNE 10th Anniversary Edition 予感
0%
2005 AWAKE 叙情詩
0%
2005 AWAKE 星空
0%
2007 KISS 砂時計
0%
2007 KISS 海辺
0%
2007 KISS 雪の足跡
0%
2012 BUTTERFLY 未来世界
0%
2021 ミライ ミライ
0%
1996 True シングルB面/D'ARK~EN~CIEL ACCIDENT
0%
1994 Tierra All Dead
0%
2000 REAL ALL YEAR AROUND FALLING IN LOVE
0%
2007 KISS ALONE EN LA VIDA
0%
1995 heavenly and She Said
0%
2001 Clicked Singles Best 13 Anemone
0%
1993 DUNE As if in a dream
0%
2000 REAL a silent letter
0%
2005 AWAKE AS ONE
0%
1999 ray シングルB面 a swell in the sun
0%
1993 DUNE Be destined
0%
1998 HEART birth!
0%
1994 Tierra Blame
0%
2012 BUTTERFLY BLESS
0%
2000 REAL bravery
0%
1995 heavenly シングルB面 Brilliant Years
0%
1999 ark Butterfly's Sleep
0%
2012 BUTTERFLY Bye Bye
0%
1996 True Caress of Venus
0%
1995 heavenly C'est La Vie
0%
2012 BUTTERFLY CHASE
0%
2004 SMILE Coming Closer
0%
1999 ark Cradle
0%
1995 heavenly Cureless
0%
1996 True シングルB面/D'ARK~EN~CIEL D・A・R・K ~DARK IN MY LIFE~
0%
1996 True シングルB面/D'ARK~EN~CIEL DARK SONG
0%
1996 True Dearest Love
0%
2016 Don't be Afraid Don't be Afraid
0%
2012 BUTTERFLY DRINK IT DOWN
0%
1993 DUNE Dune
0%
1993 DUNE Entichers
0%
2014 EVERLASTING EVERLASTING
0%
2005 AWAKE EXISTENCE
0%
1996 True Fare Well
0%
1998 HEART fate
0%
2004 SMILE Feeling Fine
0%
2000 REAL finale
0%
1993 DUNE Floods of tears
0%
2021 FOREVER FOREVER
0%
2000 REAL get out from the shell
0%
2012 BUTTERFLY GOOD LUCK MY WAY
0%
1996 True "good-morning Hide"
0%
2000 REAL シングルB面 hole
0%
2007 KISS Hurry Xmas
0%
1996 True シングルB面 I'm so happy
0%
1994 Tierra Inner Core
0%
1996 True シングルB面/D'ARK~EN~CIEL INSANITY
0%
1994 Tierra In the Air
0%
1999 ray It's the end
0%
1996 True I Wish
0%
2005 AWAKE Killing Me
0%
1999 ark Larva
0%
1999 ray L'heure
0%
1998 HEART LORELEY
0%
2004 SMILE Lover Boy
0%
1998 HEART シングルB面 metropolis
0%
1998 HEART milky way
0%
2005 AWAKE My Dear
0%
2007 KISS MY HEART DRAWS A DREAM
0%
2012 BUTTERFLY NEXUS 4
0%
2005 AWAKE Ophelia
0%
1999 ark シングルB面 Peeping Tom
0%
1999 ark Perfect Blue
0%
2007 KISS Pretty girl
0%
1998 HEART Promised land
0%
2004 SMILE REVELATION
0%
1996 True Round and Round
0%
2000 REAL ROUTE 666
0%
1995 heavenly Secret Signs
0%
1999 ray Sell my Soul
0%
2007 KISS SEVENTH HEAVEN
0%
2012 BUTTERFLY shade of season
0%
2012 BUTTERFLY SHINE
0%
1998 HEART Shout at the Devil
0%
1993 DUNE Shutting from the sky
0%
1998 HEART Singin' in the Rain
0%
2007 KISS spiral
0%
2004 SMILE Spirit dreams inside
0%
1995 heavenly Still I'm With You
0%
1993 DUNE Taste of love
0%
2007 KISS THE BLACK ROSE
0%
1996 True the Fourth Avenue Café
0%
1998 HEART シングルB面 THE GHOST IN MY ROOM
0%
2000 REAL THE NEPENTHES
0%
1995 heavenly The Rain Leaves a Scar
0%
1999 ray the silver shining
0%
2004 SMILE Time goes on
0%
2000 REAL TIME SLIP
0%
1999 ray trick
0%
2005 AWAKE TRUST
0%
2005 AWAKE twinkle, twinkle
0%
1995 heavenly Vivid Colors
0%
1993 DUNE Voice
0%
1999 ark What is love
0%
1994 Tierra White Feathers
0%
2012 BUTTERFLY wild flower
0%
1994 Tierra Wind of Gold
0%
2015 Wings Flap Wings Flap
0%
2012 BUTTERFLY X X X
0%
2024 YOU GOTTA RUN YOU GOTTA RUN
0%
No matching quizzes found
Score Distribution
Percent of People with Each Score
Percentile by Number Answered
Your Score History
You have not taken this quiz since the last reset